000 03105nam a2200469 i 4500
001 193883
003 ES-MaACL
005 20250711063122.0
008 240201e202311 spc|||| |||| 0|1 0dspa|
015 _aLL2024
_2bnc
017 _aB 17447-2023
_bBiblioteca de Catalunya
020 _a9788467070934
040 _aES-BaBC
_bcat
_erda
_cES-BaBC
043 _ae-sp---
080 _a323.28
_x(460)
_x"19/20"
_22004
080 _a323.28
_x-058.6
_x"19/20"
_22004
080 _a323.26/.28
_x"19/20"
_22004
080 _a94
_x(460)
_x"19/20"
_22004
100 _aDomínguez Iribarren, Florencio,
_d1956-
_9235338
_eaut
245 1 0 _aSin justicia :
_bmás de 300 asesinatos de ETA sin resolver /
_cFlorencio Domínguez, María Jiménez Ramos.
250 _aPrimera edición: noviembre de 2023
264 1 _aBarcelona :
_bEspasa,
_cnoviembre de 2023.
300 _a717 pág. :
_bilustraciones ;
_c23 cm.
336 _atexto
_btxt
_2rdacontent
337 _asin mediación
_bn
_2rdamedia
338 _avolumen
_bnc
_2rdacarrier
504 _aBibliografía: páginas 677-679. Índice páginas 681-717
520 _aEl final de la historia violenta de ETA ha puesto sobre la mesa las tareas pendientes que la letanía de atentados y secuestros había eclipsado durante su medio siglo de supervivencia. Precisamente, una de esas tareas es hacer justicia en los más de trescientos asesinatos cuyos autores no han sido condenados. En Sin justicia, Florencio Domínguez y María Jiménez analizan uno por uno cada atentado mortal de la organización terrorista que aún no se ha resuelto con una sentencia judicial. Ello implica que los verdugos de más de tres centenares de personas no han sido identificados o que, aun siéndolo, no han sido juzgados y condenados por sus delitos. A lo largo del relato individual de cada caso trasluce el sufrimiento añadido de cientos de familias que, además de asimilar la pérdida de su ser querido, debieron resignarse a no obtener la respuesta judicial que el Estado les debía. Si la sociedad española tiene aún deudas pendientes con las víctimas del terrorismo, este libro pone de manifiesto que una de ellas sigue siendo el derecho de varios cientos de familias a la justicia o, al menos, a la verdad.
650 4 _aTerrorismo-
_xEspaña
_917495
650 4 _aVíctimas del terrorismo-
_917787
_yEspaña
650 7 _aViolencia política-
_zEspaña
_9173162
651 7 _aEspaña-
_xHistoria-
_yS.XX
_9138832
651 0 _aEspaña-
_xHistoria-
_y S.XXI
_9234573
700 _aJiménez Ramos, María
_9235344
_eaut
852 _aES-MaACL
_bR.154993
_cDEPOJ
_jN-9747
_xEncuadernación cartoné
_gDedicatoria autógrafa del autor
_hDonación: Florencio Domínguez
_9205412
903 _9235338
_aDomínguez Iribarren, Florencio,
_d1956-
_ednr
942 _cMONOGRAFIA
_n0
999 _c193883
_d193883